|
|
|
แสดงรายละเอียดบรรณานุกรม |
|
|
Brief Record
: Get Marc (ISO 2709)
: E-mail record
: |
|
|
DELETE FROM stat_globaluid WHERE id NOT IN ( SELECT id FROM ( SELECT id FROM stat_globaluid ORDER BY id DESC LIMIT 100 ) foo );mysqli: Duplicate entry '20140737158617' for key 'PRIMARY'
insert into stat_globaluid set statuid='20260629211704_4848', dt='1782742624', phpself='/ulib/dublinfull.php', agent='Mozilla/5.0 AppleWebKit/537.36 (KHTML, like Gecko; compatible; ClaudeBot/1.0; +claudebot@anthropic.com)', yea='2026', mon='6', dat='29', ip='61.19.32.209'
| LEADER 01174nam 2200277 a 4500 | |||
| 001 27814 | |||
| 003 ULIBM | |||
| 008 030417s2004 caua sb 001 0 eng | |||
| 020 ^a- | |||
| 082 ^a378.16^bฟ-ฉ | |||
| 100 ^aฟิสิกส์เซ็นเตอร์, คณาจารย์ | |||
| 245 ^aเฉลย Entrance 37 /^cคณาจารย์ฟิสิกส์เซ็นเตอร์ | |||
| 260 ^aกรุงเทพฯ:^bฟิสิกส์เซ็นเตอร์,^cม.ป.ป. | |||
| 300 ^a303 หน้า | |||
| 650 ^aรวมเรื่อง-ข้อสอบและเฉลย | |||
| 913 ^aImported by ULIBM Administrator | |||
| 949 ^aImport form external file by ULIBM system | |||
| คุณยังไม่ได้ล็อกอิน คุณสามารถมีกิจกรรมร่วมกับเว็บไซต์ได้ แต่ต้องล็อกอินก่อน :: |
|
| สถานะ | |||||||||
| 1. | หนังสือ | 378.16 ฟ-ฉ 2004 Barcode: 053416 | ►หนังสือทั่วไป | On Shelf ขอยืม | |||||
| 2. | หนังสือ | 378.16 ฟ-ฉ 2004 Barcode: 053417 | ►หนังสือทั่วไป | On Shelf ขอยืม | |||||
| 3. | หนังสือ | 378.16 ฟ-ฉ 2004 Barcode: 053418 | ►หนังสือทั่วไป | On Shelf ขอยืม | |||||
| 4. | หนังสือ | 378.16 ฟ-ฉ 2004 Barcode: 053419 | ►หนังสือทั่วไป | On Shelf ขอยืม | |||||
| 5. | หนังสือ | 378.16 ฟ-ฉ 2004 Barcode: 053420 | ►หนังสือทั่วไป | On Shelf ขอยืม | |||||
| [แสดง 5/5 รายการ] | |||||||||

| รายการใกล้เคียง ผู้แต่ง [ฟิสิกส์เซ็นเตอร์, คณาจารย์] หัวเรื่อง [รวมเรื่อง-ข้อสอบและเฉลย]
|
BibComment |
| คอมเมนท์ทรัพยากรรายการนี้ |
|
|
ห้องสมุดโรงเรียนสามัคคีวิทยาคม
159 ถ.บรรพปราการ ต.เวียง อ.เมือง จ.เชียงราย 57000
โทร. 053-711018 โทรสาร 053-713003